00895naa#a2200181#i#4500001002300000005001700023011001400040100004100054102000700095200009800102210005100200215001100251608002700262675033900289700001900628700005200647856001400699EN\INFRA-M\bibl\10304820260513050709.3##a2500-3305##a20250630b2025####ek#y0engy0150####ca##aRU1#aThe learning organization as an antagonist to the bureaucratic organizationeJournal article1#aMoscowcINFRA-M Academic Publishing LLC.d2025##a14 с.##aJournal article2local##aЭкономическое положение. Экономическая политика. Управление и планирование в экономике. Производство. Услуги. Цены. 338aВысшее образование. Высшая школа. Подготовка научных кадров. 378#1aTebekingA. V.#1aMitropol'skaya-RodionovagNadezhda Vladimirovna4#azh-szf.ru